|
|
|
|
| LEADER |
00000nam a22000007a 4500 |
| 005 |
2022091300230.0 |
| 007 |
cr|||| |||| |
| 008 |
220913s2021 ea |||||s|||| 00||0 spa d |
| 020 |
|
|
|a 978-84-1122-255-6
|
| 035 |
|
|
|a 37078
|
| 040 |
|
|
|a vLex
|
| 090 |
|
|
|c 13892
|d 13892
|
| 100 |
1 |
|
|a Mart ̕Sǹchez, Jos ̌Mara̕
|
| 245 |
1 |
0 |
|a Patrimonio cultural de interš religioso (catl̤ico) y nuevos usos
|h [Recurso electrn̤ico] :
|b Comparacin̤ del derecho espaǫl, italiano y francš /
|c Jos ̌Mara̕ Mart ̕Sǹchez
|
| 256 |
|
|
|a Servicio en ln̕ea
|
| 260 |
|
|
|a Madrid:
|b Dykinson,
|c 2021
|
| 300 |
|
|
|a 1 recurso electrn̤ico
|
| 500 |
|
|
|a El estudio se enmarca en el Proyecto Claustrat (El patrimonio material e inmaterial de los conventos de Toledo y su Dic̤esis) a cargo de un equipo interdisciplinar (historiadores, especialistas en arte, arquitectos, juristas, economistas, etc.), reflejo de la densa materia tratada. El patrimonio o bienes culturales de un pas̕ constituyen el soporte material de tantos otros principios de su convivencia civilizada. En este acervo se singulariza la aportacin̤ de la vida consagrada y las manifestaciones de fe del pueblo. En el Cristianismo, la construccin̤ religiosa tiene su funcionalidad, su simbolismo y vocacin̤ propia, pues entre sus muros se desarrolla un estilo de vida orientada a la esperanza que lo alimenta. Cuando hablamos de iglesia, o de oratorio de casa religiosa (edificios sagrados por antonomasia), nos referimos sobre todo a la riqueza histr̤ico-arts̕tica y fuerza evocadora que transmiten. El Derecho, en cometido conjunto de la comunidad civil y de fe, ampara la dimensin̤ espiritual que all ̕alienta y tutela su legado. ¿Pero qu ̌ocurre cuando la funcionalidad y sostenibilidad del patrimonio se tambalea? ¿Cm̤o las normas eclesis̀ticas y los Poderes pb︢licos pueden dirigir el proceso de readaptacin̤, sin merma de personas, principios y cosas? Contemplar la experiencia jurd̕ica, ante el deterioro de la vida religiosa y el abandono de los templos catl̤icos, en pas̕es como Italia y Francia, nos ayuda a tomar conciencia del problema en Espaą. Esta monografa̕ quiere explicar el Derecho aplicable al recinto sacro en busca de nuevos usos, en defensa de su interš religioso y cultural, pero tambiň buscar soluciones o, como hoy se prefiere, perfilar las “mejores prc̀ticas”.
|
| 506 |
1 |
|
|a Disponible solo en los productos indicados
|d vLex Global
|d vLex Global (Academic Edition, excluding Law Schools)
|d vLex Global (U.S. Academic Edition, Law Schools)
|d vLex Global (U.S. Academic Edition, excluding Law Schools)
|d vLex Global (Academic Edition, Law Schools)
|
| 650 |
0 |
4 |
|a Derecho Militar
|z Espaą
|
| 650 |
0 |
4 |
|a Filosofa̕ y religin̤
|z Espaą
|
| 740 |
0 |
|
|a vLex Libros (Servicio en ln̕ea)
|
| 856 |
4 |
0 |
|u https://app.vlex.com/#/sources/37078
|z Acceso restringido
|
| 942 |
|
|
|c BOOK
|
| 999 |
0 |
|
|a Military Law
|
| 999 |
0 |
|
|a Philosophy and religion
|